000 01118cam a2200337Ia 4500
001 30824172
003 OCoLC
005 20180826180627.0
008 940725s1993 nyu j 000 0 spa d
020 _a0590480847 (pbk.)
020 _a9780590480840 (pbk.)
040 _aEAS
_beng
_cEAS
_dOCL
_dYOL
041 _aspa
092 _aSP E WAD
092 _aSP E WAD
100 1 _aWadsworth, Olive A.,
_d1835-1886.
245 1 3 _aEn aquel prado :
_buna antiqua rima de numeros /
_cilustraciones de David A. Carter.
246 3 _aEn aquel prado.
260 _aNew York :
_bScholastic Inc.,
_cc1993.
300 _a30 unnumbered pages :
_bcolor illustrations ;
_c20 x 26.
336 _atext
_btxt
_2rdacontent.
337 _aunmediated
_bn
_2rdamedia.
338 _avolume
_bnc
_2rdacarrier.
500 _aTranslation of : Over in the meadow by Olive A. Wadsworth.
526 0 _aAccelerated Reader AR
_bLG
_c2.6
_d0.5
_z119041.
526 0 _aReading Counts RC
_bK-2
_c1
_d1
_zQuiz: 03556.
650 0 _aCounting
_vJuvenile literature.
650 1 _aSpanish language materials.
700 1 _aCarter, David.
942 _cBK
999 _c17741
_d17741